Think/make : (Record no. 607774)
[ view plain ]
| 000 -LEADER | |
|---|---|
| fixed length control field | 01275cam a2200313 a 4500 |
| 001 - CONTROL NUMBER | |
| control field | 15562333 |
| 003 - CONTROL NUMBER IDENTIFIER | |
| control field | OSt |
| 005 - DATE AND TIME OF LATEST TRANSACTION | |
| control field | 20240215124409.0 |
| 008 - FIXED-LENGTH DATA ELEMENTS--GENERAL INFORMATION | |
| fixed length control field | 081219s2009 nyua b 001 0 eng |
| 010 ## - LIBRARY OF CONGRESS CONTROL NUMBER | |
| LC control number | 2008055156 |
| 020 ## - INTERNATIONAL STANDARD BOOK NUMBER | |
| International Standard Book Number | 9781568987811 (pbk. : alk. paper) |
| 040 ## - CATALOGING SOURCE | |
| Original cataloging agency | DLC |
| Transcribing agency | DLC |
| Modifying agency | DLC |
| 050 00 - LIBRARY OF CONGRESS CALL NUMBER | |
| Classification number | NA737.D455 |
| Item number | A4 2009 |
| 082 00 - DEWEY DECIMAL CLASSIFICATION NUMBER | |
| Classification number | 720.922 |
| Edition number | 22 |
| Author Mark | BER |
| 100 1# - MAIN ENTRY--PERSONAL NAME | |
| Personal name | Bernheimer, Andrew, |
| Dates associated with a name | 1968- |
| 9 (RLIN) | 120561 |
| 245 10 - TITLE STATEMENT | |
| Title | Think/make : |
| Remainder of title | Della Valle Bernheimer / |
| Statement of responsibility, etc. | Andrew Bernheimer and Jared Della Valle. |
| 250 ## - EDITION STATEMENT | |
| Edition statement | 1st ed. |
| 260 ## - PUBLICATION, DISTRIBUTION, ETC. | |
| Place of publication, distribution, etc. | New York : |
| Name of publisher, distributor, etc. | Princeton Architectural Press, |
| Date of publication, distribution, etc. | c2009. |
| 300 ## - PHYSICAL DESCRIPTION | |
| Extent | 192 p. : |
| Other physical details | ill. (mostly col.) ; |
| Dimensions | 26 cm. |
| 490 0# - SERIES STATEMENT | |
| Series statement | New voices in architecture |
| 504 ## - BIBLIOGRAPHY, ETC. NOTE | |
| Bibliography, etc. note | Includes bibliographical references and index. |
| 610 20 - SUBJECT ADDED ENTRY--CORPORATE NAME | |
| Corporate name or jurisdiction name as entry element | Della Valle Bernheimer. |
| 9 (RLIN) | 120562 |
| 650 #0 - SUBJECT ADDED ENTRY--TOPICAL TERM | |
| Topical term or geographic name entry element | Architecture, Modern |
| Chronological subdivision | 20th century |
| General subdivision | Themes, motives. |
| 9 (RLIN) | 31902 |
| 650 #0 - SUBJECT ADDED ENTRY--TOPICAL TERM | |
| Topical term or geographic name entry element | Architecture, Modern |
| Chronological subdivision | 21st century |
| General subdivision | Themes, motives. |
| 9 (RLIN) | 31903 |
| 700 1# - ADDED ENTRY--PERSONAL NAME | |
| Personal name | Della Valle, Jared, |
| Dates associated with a name | 1971- |
| 9 (RLIN) | 120563 |
| 906 ## - LOCAL DATA ELEMENT F, LDF (RLIN) | |
| a | 7 |
| b | cbc |
| c | orignew |
| d | 1 |
| e | ecip |
| f | 20 |
| g | y-gencatlg |
| 942 ## - ADDED ENTRY ELEMENTS (KOHA) | |
| Source of classification or shelving scheme | |
| Koha item type | Book |
| Institution code [OBSOLETE] | SADA |
| Call number prefix | 720.922 BER 2009 |
| Withdrawn status | Lost status | Source of classification or shelving scheme | Damaged status | Not for loan | Permanent Location | Current Location | Date acquired | Source of acquisition | Total Checkouts | Full call number | Barcode | Date last seen | Cost, replacement price | Price effective from | Koha item type |
|---|---|---|---|---|---|---|---|---|---|---|---|---|---|---|---|
| School of Art Design and Architecture (SADA) | School of Art Design and Architecture (SADA) | 01/05/2017 | S.A.Rehman | 720.922 BER 2009 | SADA0002695 | 02/15/2024 | 1491.84 | 02/15/2024 | Book |
